| 000 | 00452nam a2200205Ia 4500 | ||
|---|---|---|---|
| 003 | 0100 | ||
| 008 | 130307s9999 xx 000 0 und d | ||
| 020 | _a0330317172 | ||
| 040 | _cARRUPELIB | ||
| 050 | _aB173.H37 1986 | ||
| 100 | _aCrescenzo, Luciano De | ||
| 245 | 4 | _aThe history of Greek philosophy | |
| 260 | _aLondon | ||
| 260 | _bPicador | ||
| 260 | _c1986 | ||
| 300 | _a190p. | ||
| 300 | _b21 cn. | ||
| 650 | _aPHILOSOPHY | ||
| 942 | 0 | 0 | _04 |
| 999 |
_c93171 _d93171 |
||